Football joueur français mort subite - Statistiques

Statistiques générales
  • Ce quiz a été pris 787 fois
  • Le résultat moyen est 13 sur 16
Answers on the Grid
Answers color-coded by a green-red scale on the quiz's grid according to % correct below.
Mbappe
Messi
Ronaldo
Varane
Drogba
Valbuena
Openda
Haaland
Ribéry
Lewandowski
Ajorque
Doukoure
Emegha
Ekitike
Cherki
Penders
Thauvin
Mukiele
Meunier
Clauss
Dante
Hernandez
Dembelé
David
Son
Kane
André
Mbemba
Lenglet
N'zonzi
 
Statistiques - réponses
Réponse % Correct
Mbappe
99%
Varane
94%
Valbuena
91%
Ribéry
87%
Thauvin
83%
Cherki
82%
Ekitike
82%
Dembelé
80%
Clauss
78%
Hernandez
78%
N'zonzi
76%
Lenglet
75%
Mukiele
69%
Ajorque
65%
André
63%
Doukoure
55%
Aucun quiz correspondant
Distribution des résultats
% des personnes avec chaque résultat
Percentile par nombre de réponses
Votre historique - résultats
Vous n’avez pas pris ce quiz